India - rozvojová krajina ako motor svetovej ekonomiky bakalárska práca

Enregistré dans:
Détails bibliographiques
Auteur principal: Majáková, Miroslava
Collectivité auteur: Obchodná fakulta EU. Katedra medzinárodného obchodu
Autres auteurs: Sopková, Gabriela
Format: Livre
Langue:slovaque
Publié: Bratislava 2012
Tags: Ajouter un tag
Pas de tags, Soyez le premier à ajouter un tag!

MARC

LEADER 00000nbm a2200000 4500
001 0154321
005 20161109111835.5
041 0 |a slo 
044 |a SK 
245 1 0 |a India - rozvojová krajina ako motor svetovej ekonomiky  |b bakalárska práca  |c Miroslava Majáková ; školiteľ: Gabriela Sopková 
264 1 |a Bratislava  |c 2012 
300 |a 58 s. 
100 1 |a Majáková, Miroslava 
700 1 |a Sopková, Gabriela 
710 2 |a Obchodná fakulta EU. Katedra medzinárodného obchodu